<?xml version="1.0" encoding="UTF-8"?>
<record
    xmlns:xsi="http://www.w3.org/2001/XMLSchema-instance"
    xsi:schemaLocation="http://www.loc.gov/MARC21/slim http://www.loc.gov/standards/marcxml/schema/MARC21slim.xsd"
    xmlns="http://www.loc.gov/MARC21/slim">

  <leader>00469nam a2200145   4500</leader>
  <datafield tag="999" ind1=" " ind2=" ">
    <subfield code="c">127022</subfield>
    <subfield code="d">127022</subfield>
  </datafield>
  <controlfield tag="005">20221108092521.0</controlfield>
  <controlfield tag="008">220618b           ||||| |||| 00| 0 eng d</controlfield>
  <datafield tag="040" ind1=" " ind2=" ">
    <subfield code="c">PK-LaUMT</subfield>
  </datafield>
  <datafield tag="082" ind1=" " ind2=" ">
    <subfield code="a">APC 297.4</subfield>
    <subfield code="b">SHA-M</subfield>
  </datafield>
  <datafield tag="100" ind1=" " ind2=" ">
    <subfield code="a">Sharf ul Haq . . .  =  &#x634;&#x631;&#x641; &#x627;&#x644;&#x62D;&#x642; &#x6D4; &#x6D4; &#x6D4; </subfield>
  </datafield>
  <datafield tag="245" ind1=" " ind2=" ">
    <subfield code="a">Maktobaat-i-sudi =  &#x645;&#x6A9;&#x62A;&#x648;&#x628;&#x627;&#x62A; &#x635;&#x62F;&#x6CC; /</subfield>
    <subfield code="c">by Sharf ul Haq . . .  =  &#x634;&#x631;&#x641; &#x627;&#x644;&#x62D;&#x642; &#x6D4; &#x6D4; &#x6D4; </subfield>
  </datafield>
  <datafield tag="260" ind1=" " ind2=" ">
    <subfield code="a">Karachi :</subfield>
    <subfield code="b">Educational Press,</subfield>
    <subfield code="c">1984</subfield>
  </datafield>
  <datafield tag="300" ind1=" " ind2=" ">
    <subfield code="a">623 p.</subfield>
  </datafield>
  <datafield tag="942" ind1=" " ind2=" ">
    <subfield code="c">BK</subfield>
  </datafield>
  <datafield tag="952" ind1=" " ind2=" ">
    <subfield code="0">0</subfield>
    <subfield code="1">0</subfield>
    <subfield code="4">0</subfield>
    <subfield code="7">0</subfield>
    <subfield code="a">01</subfield>
    <subfield code="b">01</subfield>
    <subfield code="d">2022-06-18</subfield>
    <subfield code="l">0</subfield>
    <subfield code="o">APC 297.4 SHA-M</subfield>
    <subfield code="p">143267</subfield>
    <subfield code="r">2022-06-18 00:00:00</subfield>
    <subfield code="w">2022-06-18</subfield>
    <subfield code="y">BK</subfield>
  </datafield>
</record>
